| 000 | 00385nam a22001337a 4500 | ||
|---|---|---|---|
| 020 | _a0071138463 | ||
| 040 | _cNust | ||
| 082 |
_a519.502462 _bBAR |
||
| 100 |
_aJ. Wesley Barnes _9125345 |
||
| 245 | _aStatistical analysis for Engineers and circuits | ||
| 260 |
_aNew York: _bMcGraw-Hill, _c1994. |
||
| 650 |
_aStatistical analysis for Engineers and circuits _9125346 |
||
| 942 |
_2ddc _cBK |
||
| 999 |
_c611101 _d611101 |
||